University Home | Library Home | Institutional Repository

Drinking water source protection : (Record no. 100642)

MARC details
000 -LEADER
fixed length control field 00584cam3a220015700 4500
005 - DATE AND TIME OF LATEST TRANSACTION
control field 20190819100242.0
008 - FIXED-LENGTH DATA ELEMENTS--GENERAL INFORMATION
fixed length control field 040401
035 ## - SYSTEM CONTROL NUMBER
System control number (Sirsi) a146671
050 #0 - LIBRARY OF CONGRESS CALL NUMBER
Classification number TD365
Item number LEE 1991
100 1# - MAIN ENTRY--PERSONAL NAME
Personal name Lee, M. D.
Linkage A117841.1
245 10 - TITLE STATEMENT
Title Drinking water source protection :
Remainder of title a review of environmental factors affecting community water supplies /
Statement of responsibility, etc. by M. D. Lee and T. F. Basteijer.
260 ## - PUBLICATION, DISTRIBUTION, ETC.
Place of publication, distribution, etc. Hague:
Name of publisher, distributor, etc. IRC International Water and Sanitation Centre,
Date of publication, distribution, etc. 1991.
350 ## - PRICE (NR) (BK AM CF MU VM SE) [OBSOLETE]
Price 50
650 #0 - SUBJECT ADDED ENTRY--TOPICAL TERM
Topical term or geographic name entry element Drinking water
Linkage S13595.1
700 00 - ADDED ENTRY--PERSONAL NAME
Personal name Bastemeijer, T. F.
Linkage A117842.1

No items available.

© 2026 - The University of Zambia Library - Koha v25.11